[Event ">1599 Let's play have fun"]
[Site "SchemingMind.com"]
[Date "2015.06.03"]
[Round "-"]
[White "Transcendent"]
[Black "cnile"]
[Result "1-0"]
[WhiteCountry "ENG"]
[BlackCountry "SCO"]
[WhiteElo "1480"]
[WhiteRD "68"]
[BlackElo "1556"]
[BlackRD "72"]
[GameID "381316"]

1. d4 d5 2. c4 e6 3. Nf3 c6 4. Qc2 Nf6 5. g3 Nbd7 6. Bg2 Bb4+ 7. Bd2 Qa5 8. Bxb4 Qxb4+ 9. Nbd2 Ne4 10. a3 Qxd2+
11. Nxd2
1-0

[Event ">1599 Let's play have fun"]
[Site "SchemingMind.com"]
[Date "2015.06.04"]
[Round "-"]
[White "cnile"]
[Black "roscoe"]
[Result "1-0"]
[WhiteCountry "SCO"]
[BlackCountry "USA"]
[WhiteElo "1500"]
[WhiteRD "68"]
[BlackElo "1220"]
[BlackRD "99"]
[GameID "381548"]

1. e4 e5 2. Nf3 d6 3. Bc4 Be6 4. Be2 Nf6 5. Nc3 a6 6. d3 Nc6 7. h3 d5 8. exd5 Nxd5 9. Bd2 Nf4 10. O-O Bc5
11. Bxf4 exf4 12. Re1 O-O 13. Ne4 Nd4 14. Nxc5 Nxe2+ 15. Qxe2 Re8 16. Ne4 h6 17. Rad1 Bxa2 18. b3
1-0

[Event ">1599 Let's play have fun"]
[Site "SchemingMind.com"]
[Date "2015.06.04"]
[Round "-"]
[White "roscoe"]
[Black "Transcendent"]
[Result "0-1"]
[WhiteCountry "USA"]
[BlackCountry "ENG"]
[WhiteElo "1234"]
[WhiteRD "98"]
[BlackElo "1606"]
[BlackRD "64"]
[GameID "381549"]

1. Nf3 d5 2. d4 Nf6 3. Nc3 Bf5 4. e3 e6 5. g3 c6 6. h4 c5 7. Bh3 Bxh3 8. Rxh3 Nc6 9. dxc5 Bxc5 10. a3 Qd7
11. Qe2 O-O 12. Na4 Be7 13. b4 Rac8 14. Kf1 e5 15. Nc5 Bxc5 16. bxc5 Qxh3+ 17. Ke1 d4 18. Ng5 Qh1+ 19. Qf1 Qxf1+ 20. Kxf1 dxe3
21. Bxe3 h6
0-1

[Event ">1599 Let's play have fun"]
[Site "SchemingMind.com"]
[Date "2015.06.05"]
[Round "-"]
[White "roscoe"]
[Black "Nautilus"]
[Result "0-1"]
[WhiteCountry "USA"]
[BlackCountry "GRE"]
[WhiteElo "1220"]
[WhiteRD "99"]
[BlackElo "2176"]
[BlackRD "148"]
[GameID "381639"]

1. Nf3 f5 2. d4 Nf6 3. Nc3 e6 4. g3 d5 5. Bg2 c6 6. O-O Bd7 7. Ne5 c5 8. Nxd7 Nbxd7 9. Bf4 a6 10. Na4 cxd4
11. Qxd4 b5 12. Nc3 Bc5 13. Qd2 Ne4 14. Nxe4 fxe4 15. e3 g5 16. Bxg5 Qxg5 17. h4 Qf5 18. Kh2 Ne5 19. b4 Bd6 20. Bh3 Nf3+
0-1

[Event ">1599 Let's play have fun"]
[Site "SchemingMind.com"]
[Date "2015.06.05"]
[Round "-"]
[White "Nautilus"]
[Black "Transcendent"]
[Result "1-0"]
[WhiteCountry "GRE"]
[BlackCountry "ENG"]
[WhiteElo "2176"]
[WhiteRD "148"]
[BlackElo "1552"]
[BlackRD "68"]
[GameID "381640"]

1. e4 e6 2. d4 d5 3. Nc3 Bb4 4. e5 c5 5. a3 Bxc3+ 6. bxc3 Ne7 7. Qg4 cxd4 8. Qxg7 Rg8 9. Qxh7 Qc7 10. Ne2 dxc3
11. f4 Bd7 12. Qd3 Nbc6 13. Qxc3 Nf5 14. Rb1 Rc8 15. Bd2 d4 16. Qd3 b6 17. Rg1 Qd8 18. g3 f6 19. g4 Nh4 20. Qh7 Nf3+
21. Kf2 Rf8 22. Qh5+ Ke7 23. exf6+ Rxf6 24. Kxf3 e5 25. Bb4+ Ke6 26. f5+ Kd5 27. c4+ Kxc4 28. Nf4+ d3 29. Bxd3+ Kd4 30. Rgd1 exf4
31. Ba6+ Ke5 32. Bc3+ Nd4+ 33. Bxd4+
1-0

[Event ">1599 Let's play have fun"]
[Site "SchemingMind.com"]
[Date "2015.06.05"]
[Round "-"]
[White "cnile"]
[Black "Nautilus"]
[Result "0-1"]
[WhiteCountry "SCO"]
[BlackCountry "GRE"]
[WhiteElo "1556"]
[WhiteRD "72"]
[BlackElo "2107"]
[BlackRD "160"]
[GameID "381641"]

1. e4 d5 2. exd5 Qxd5 3. Nf3 Bg4 4. Be2 Nc6 5. O-O O-O-O 6. c4 Qd7 7. Nc3 Nf6 8. d4 Bxf3 9. Bxf3 Nxd4 10. Bd5 e5
11. Re1 Nxd5 12. Nxd5 f6 13. Be3 c6 14. Bxd4 exd4 15. Nf4 Bb4 16. Qa4 Bxe1 17. Qxa7 Bxf2+ 18. Kxf2 Qf5 19. g3 g5 20. Re1 gxf4
21. Qa8+ Kc7 22. Re7+ Kd6 23. Qxb7 fxg3+ 24. Kxg3 Rhg8+ 25. Kh4 Qg4#
0-1

[Event ">1599 Let's play have fun"]
[Site "SchemingMind.com"]
[Date "2015.06.10"]
[Round "-"]
[White "roscoe"]
[Black "ray winteringham"]
[Result "1-0"]
[WhiteCountry "USA"]
[BlackCountry "ENG"]
[WhiteElo "1277"]
[WhiteRD "101"]
[BlackElo "1464"]
[BlackRD "51"]
[GameID "381726"]

1. Nf3 d5 2. d4 Bf5 3. Nbd2 e6 4. a3 Bd6 5. g3 Nf6 6. Bg2 Nc6 7. O-O O-O 8. c4 dxc4 9. Nxc4 Ne7 10. Nxd6 Qxd6
11. Bf4 Qd8 12. Rc1 c6 13. Rc4 b5 14. Rc5 Nfd5 15. Bc1 h6 16. Re1 Bg6 17. Ne5 Qb6 18. Nd7 Qd8 19. Ne5 Qc8 20. Nxg6 Nxg6
21. Bxd5 exd5 22. e4 dxe4 23. Rxe4 Re8 24. Rxe8+ Qxe8 25. d5 cxd5 26. Rxd5 a6 27. b4 Qe4 28. Bb2 Rc8 29. h4 Qe8 30. Kh2 Ne7
31. Rd6 Nf5 32. Rxa6 Ne7 33. Qd4 f6 34. Rxf6 Nc6 35. Qd5+ Kh8 36. Rxh6#
1-0

[Event ">1599 Let's play have fun"]
[Site "SchemingMind.com"]
[Date "2015.06.06"]
[Round "-"]
[White "ray winteringham"]
[Black "Transcendent"]
[Result "1-0"]
[WhiteCountry "ENG"]
[BlackCountry "ENG"]
[WhiteElo "1497"]
[WhiteRD "49"]
[BlackElo "1552"]
[BlackRD "68"]
[GameID "381727"]

1. e4 e6 2. d4 d5 3. e5 c5 4. Nf3 cxd4 5. Nxd4 Bc5 6. Be3 Ne7 7. Nxe6 Qa5+ 8. Bd2 Bxf2+ 9. Ke2 Qa6+ 10. Kxf2 Qxe6
11. Bf4 Nbc6 12. Be2 Ng6 13. g3 Ngxe5 14. Rf1 O-O 15. Kg1 Nc4 16. Bxc4 dxc4 17. Nc3 b6 18. Re1 Qf6 19. Rf1 Bh3 20. Rf2 Rad8
21. Qh5 Be6 22. Bg5 Qd4 23. Bxd8 Qxd8 24. Rd1 Qc7 25. Nb5 Qe7 26. Qf3 Ne5 27. Qc3 Qc5 28. Nd4 Bg4 29. Rdf1 Bh3 30. Re1 Rd8
31. Rd1 Bg4 32. Re1 Bh3 33. b4 Qd5 34. Nf5 Re8 35. Ne3 Nf3+ 36. Rxf3 Qxf3 37. Qd2 h5 38. Qf2 Qc6 39. Re2 Re6 40. Rd2 b5
41. Nd5 Rd6 42. Ne7+
1-0

[Event ">1599 Let's play have fun"]
[Site "SchemingMind.com"]
[Date "2015.06.07"]
[Round "-"]
[White "cnile"]
[Black "ray winteringham"]
[Result "1/2-1/2"]
[WhiteCountry "SCO"]
[BlackCountry "ENG"]
[WhiteElo "1500"]
[WhiteRD "68"]
[BlackElo "1497"]
[BlackRD "49"]
[GameID "381728"]

1. d4 d5 2. c4 e6 3. Nc3 Bb4 4. Bf4 c6 5. e3 Nf6 6. h3 Ne4 7. Rc1 Nxc3 8. bxc3 Ba5 9. c5 b5 10. Bd6 Bc7
11. Bxc7 Qxc7 12. Nf3 Bb7 13. Ne5 Nd7 14. Nxd7 Qxd7 15. Bd3 O-O-O 16. O-O Kb8 17. Rc2 a5 18. Qe2 Qc7 19. Rb1 f5 20. a4 bxa4
21. Rcb2 Ka7 22. Rb6 Rb8 23. Ra1 Ba8 24. Rxb8 Rxb8 25. Rxa4 Bb7 26. Qa2 Ra8 27. Rxa5+ Kb8 28. Rxa8+ Bxa8 29. Qb2+ Kc8 30. Qb6 Qxb6
31. cxb6 Kb7 32. f4 Kxb6 33. Kf2 Ka5 34. Ke2 Bb7 35. Bc2 Kb5 36. Bb3 g6 37. g3 Kb6=
1/2-1/2

[Event ">1599 Let's play have fun"]
[Site "SchemingMind.com"]
[Date "2015.06.07"]
[Round "-"]
[White "ray winteringham"]
[Black "Nautilus"]
[Result "0-1"]
[WhiteCountry "ENG"]
[BlackCountry "GRE"]
[WhiteElo "1500"]
[WhiteRD "50"]
[BlackElo "2107"]
[BlackRD "160"]
[GameID "381729"]

1. e4 c6 2. d4 d5 3. e5 Bf5 4. Bd3 Bxd3 5. Qxd3 e6 6. Ne2 c5 7. Qb5+ Qd7 8. Nbc3 Nc6 9. Qd3 cxd4 10. Nd1 Bb4+
11. Bd2 Nxe5 12. Qg3 Bxd2+ 13. Kxd2 Ng6 14. Nxd4 Nf6 15. Nc3 Ne4+ 16. Nxe4 dxe4 17. Qe3 e5 18. Qxe4 O-O 19. Qf5 Qxd4+ 20. Kc1 Nf4
21. Rd1 Ne2+
0-1

[Event ">1599 Let's play have fun"]
[Site "SchemingMind.com"]
[Date "2015.06.16"]
[Round "-"]
[White "roscoe"]
[Black "eun77"]
[Result "0-1"]
[WhiteCountry "USA"]
[BlackCountry "ISR"]
[WhiteElo "1314"]
[WhiteRD "91"]
[BlackElo "1291"]
[BlackRD "82"]
[GameID "382151"]

1. Nf3 d5 2. d4 e6 3. a3 h6 4. g3 Nf6 5. Bg2 Be7 6. O-O O-O 7. Re1 Nh7 8. Nbd2 Bg5 9. Nxg5 Nxg5 10. e4 dxe4
11. Nxe4 Nxe4 12. Bxe4 f5 13. Bg2 c6 14. c4 Nd7 15. d5 cxd5 16. cxd5 exd5 17. Bxd5+ Kh8 18. Re6 Nb6 19. Re5 Nxd5 20. Rxd5 Qe7
21. h4 Be6 22. Rd4 Rad8 23. b4 Rxd4 24. Qxd4 Rd8 25. Qxa7 Rd1+ 26. Kg2 Bd5+ 27. f3 Qe2+
0-1

[Event ">1599 Let's play have fun"]
[Site "SchemingMind.com"]
[Date "2015.06.14"]
[Round "-"]
[White "eun77"]
[Black "cnile"]
[Result "0-1"]
[WhiteCountry "ISR"]
[BlackCountry "SCO"]
[WhiteElo "1358"]
[WhiteRD "80"]
[BlackElo "1504"]
[BlackRD "60"]
[GameID "382152"]

1. g3 d5 2. d4 c5 3. dxc5 Qa5+ 4. c3 Qxc5 5. e3 Nf6 6. Bg2 Bf5 7. Nf3 e6 8. O-O Bd6 9. h3 Nc6 10. Nh2 h6
11. g4 Bh7 12. Nd2 O-O 13. Nb3 Qb6 14. Nd4 Rad8 15. Nxc6 Qxc6 16. f4 Bc5 17. Kh1 Be4 18. Bxe4 dxe4 19. Qe2 Rd3 20. Rd1 Rfd8
21. Rxd3 exd3+ 22. Qg2 Qxg2+ 23. Kxg2 d2 24. Bxd2 Rxd2+ 25. Kg3 Bxe3 26. Nf1 Bf2+ 27. Kf3 Rxb2 28. Rd1 Bb6 29. Nd2 Rxa2 30. Ne4 Nxe4
31. Kxe4 Rh2 32. Rd3 Bc5 33. Rg3 Re2+ 34. Kd3 Re1 35. h4 a5 36. Kd2 Re4 37. Rf3 b5 38. Kd3 Rc4 39. Kd2 a4 40. Kc2 f6
41. Kd3 a3 42. Rf1 a2 43. Ra1 Ra4 44. Kc2 Bd6 45. f5 exf5 46. gxf5 Ra3 47. Kb2 b4 48. cxb4 Bxb4 49. h5 Ra8 50. Kb3 Bd6
0-1

[Event ">1599 Let's play have fun"]
[Site "SchemingMind.com"]
[Date "2015.06.14"]
[Round "-"]
[White "eun77"]
[Black "Transcendent"]
[Result "0-1"]
[WhiteCountry "ISR"]
[BlackCountry "ENG"]
[WhiteElo "1282"]
[WhiteRD "79"]
[BlackElo "1643"]
[BlackRD "67"]
[GameID "382153"]

1. b3 d5 2. d4 Bf5 3. h3 e6 4. Nf3 c5 5. e3 Nf6 6. Be2 Nc6 7. O-O cxd4 8. exd4 Bd6 9. Ba3 O-O 10. Bxd6 Qxd6
11. Nh2 Rac8 12. Bg4 Nxg4 13. Nxg4 Qf4 14. c3 Bxg4 15. Qxg4 Qxg4 16. hxg4 Rfe8 17. b4 a6 18. f3 Na7 19. Rc1 Nb5 20. Nd2 Rc6
21. c4 Nxd4 22. cxd5 Rxc1+ 23. Rxc1 Ne2+
0-1

[Event ">1599 Let's play have fun"]
[Site "SchemingMind.com"]
[Date "2015.06.16"]
[Round "-"]
[White "ray winteringham"]
[Black "eun77"]
[Result "1/2-1/2"]
[WhiteCountry "ENG"]
[BlackCountry "ISR"]
[WhiteElo "1473"]
[WhiteRD "55"]
[BlackElo "1377"]
[BlackRD "77"]
[GameID "382154"]

1. e4 e5 2. Nf3 d6 3. h3 Nf6 4. d3 Be7 5. Be3 h6 6. Nc3 c6 7. Be2 O-O 8. O-O Nh7 9. Qd2 Bg5 10. Nxg5 Nxg5
11. Bxg5 Qxg5 12. Qxg5 hxg5 13. a3 Be6 14. Nd1 Nd7 15. c4 c5 16. f3 f6 17. Nc3 Nb8 18. Nb5 Rf7 19. Nxd6 Rd7 20. Nb5 a6
21. Nc3 Nc6 22. b3 Nd4 23. Rab1 Nxe2+ 24. Nxe2 Rxd3 25. Rfd1 Rxd1+ 26. Rxd1 Kf7 27. Nc3 Ke7 28. Na4 Rd8 29. Rxd8 Kxd8 30. Nc3 Kc7
31. Nd5+ Bxd5 32. exd5 Kd6 33. Kf2 b5 34. Ke3 b4 35. a4 a5 36. Ke4 g6 37. g3 f5+ 38. Ke3 Kd7 39. h4 gxh4 40. gxh4 Kd6
41. f4 e4 42. Ke2 Kd7 43. Ke3 Kd6 44. Kf2 Kd7 45. Kg3 Kd6 46. Kf2 Kd7 47. Kg3 Kd6 48. Kf2=
1/2-1/2

[Event ">1599 Let's play have fun"]
[Site "SchemingMind.com"]
[Date "2015.06.16"]
[Round "-"]
[White "Nautilus"]
[Black "eun77"]
[Result "1-0"]
[WhiteCountry "GRE"]
[BlackCountry "ISR"]
[WhiteElo "2127"]
[WhiteRD "140"]
[BlackElo "1258"]
[BlackRD "78"]
[GameID "382155"]

1. e4 e5 2. f4 exf4 3. Nf3 d6 4. d4 Be7 5. Bxf4 Nf6 6. Nc3 c6 7. Bc4 h6 8. e5 dxe5 9. dxe5 Nh7 10. Qxd8+ Bxd8
11. O-O-O O-O 12. Ne4 Bg4 13. h3 Bxf3 14. gxf3 Bg5 15. Bxg5 Nxg5 16. Nxg5 hxg5 17. h4 Re8 18. hxg5 Na6 19. Rd7 Re6 20. g6 Rf8
21. gxf7+
1-0

[Event ">1599 Let's play have fun"]
[Site "SchemingMind.com"]
[Date "2015.06.18"]
[Round "-"]
[White "roscoe"]
[Black "Chessibelle"]
[Result "1-0"]
[WhiteCountry "USA"]
[BlackCountry "ENG"]
[WhiteElo "1234"]
[WhiteRD "98"]
[BlackElo "1146"]
[BlackRD "58"]
[GameID "382331"]

1. Nf3 Nc6 2. d4 d5 3. g3 Nf6 4. Nc3 a6 5. Bg2 e6 6. O-O Bd6 7. a3 O-O 8. Re1 e5 9. dxe5 Nxe5 10. Nxe5 c6
11. Nd3 Bg4 12. h3 Bf5 13. Bf4 Nh5 14. Bxd6 Qxd6 15. Kh2 b5 16. b4 d4 17. e4 Be6 18. e5 Qe7 19. Bxc6 Qg5 20. Qf3 Rad8
21. Ne4 Qh6 22. h4 f6 23. Ndc5 Bc8 24. c3 g5 25. Nxf6+ Nxf6 26. exf6 Kh8= 27. f7 Kg7 28. Bb7 Rxf7 29. Qg2 Bf5 30. Re5 Qf6
31. Ree1 Qd6 32. Ne4 Qg6 33. Nxg5 Rfd7 34. cxd4 Rxd4 35. Nf3 R4d6 36. Ne5 Qe8 37. Nc6 Qd7 38. Nxd8 Qxd8 39. Qf3 Qf8 40. Rad1 Rf6
41. Rd2 Kh8 42. Rde2 Kg7 43. Re7+ Rf7 44. Qxf5
1-0

[Event ">1599 Let's play have fun"]
[Site "SchemingMind.com"]
[Date "2015.06.18"]
[Round "-"]
[White "Chessibelle"]
[Black "Transcendent"]
[Result "0-1"]
[WhiteCountry "ENG"]
[BlackCountry "ENG"]
[WhiteElo "1146"]
[WhiteRD "58"]
[BlackElo "1606"]
[BlackRD "64"]
[GameID "382332"]

1. Nf3 Nf6 2. d4 d5 3. e3 c5 4. Bb5+ Bd7 5. Bd3 e6 6. Nc3 Nc6 7. O-O Rc8 8. Re1 Be7 9. a3 O-O 10. Ne2 cxd4
11. exd4 Qb6 12. c3 a6 13. b4 Na7 14. Ne5 Bb5 15. Bd2 Bxd3 16. Nxd3 Ne4 17. Bf4 Nxc3 18. Qd2 Ne4 19. Qe3 Bf6 20. Ne5 Rc2
21. Nd7 Qd8 22. Nxf8 Qxf8 23. Qd3 Rc6 24. Ng3 Rc3 25. Qe2 Nxg3 26. fxg3 Bxd4+ 27. Kh1 Nb5 28. Qb2 Rxa3 29. Qc2 Rxa1 30. Bc1 g6
31. h3 Na3 32. Qd2 Bg7 33. Kh2 Nc4 34. Qf2= Qxb4 35. Rf1 Nd6 36. Rg1 Bd4 37. Be3 Bxe3 38. Qxe3 Rxg1 39. Qxg1 a5 40. g4 a4
41. Qa1 Ne4 42. Qe5 Qc3 43. Qb8+ Kg7 44. Qf4 Qg3+
0-1

[Event ">1599 Let's play have fun"]
[Site "SchemingMind.com"]
[Date "2015.06.20"]
[Round "-"]
[White "Chessibelle"]
[Black "eun77"]
[Result "0-1"]
[WhiteCountry "ENG"]
[BlackCountry "ISR"]
[WhiteElo "1164"]
[WhiteRD "59"]
[BlackElo "1377"]
[BlackRD "77"]
[GameID "382333"]

1. Nf3 d5 2. d4 h6 3. e3 e6 4. Nc3 Nf6 5. Bb5+ Bd7 6. Bd3 Bb4 7. Bd2 Bxc3 8. Bxc3 O-O 9. O-O Nh7 10. Qe1 f5
11. Ne5 Be8 12. a3 Nc6 13. f4 Nxe5 14. dxe5 a6 15. b4 b5 16. h3 Ra7 17. e4 dxe4 18. Be2 Bc6 19. Qf2 Rb7 20. Rad1 Qe7
21. Bd4 Rbb8 22. Bh5 Be8 23. Be2 c6 24. Bc5 Qc7 25. Bxf8 Nxf8 26. c3 Rd8 27. a4 Rxd1 28. Rxd1 Nd7 29. g4 fxg4 30. Bxg4 Nf8
31. Be2 Bg6 32. Kf1 Bf5 33. Qg3 Kh7 34. Qh4 Ng6 35. Qg3 Nf8 36. Qh4 Ng6 37. Qg3 Qa7 38. h4 Qe7 39. Bh5 Nf8 40. Be2 Qf7
41. Qe3 Qe7 42. Qg3 Qf7 43. Qe3 Qb7 44. Kf2 Qc7 45. a5 Qe7 46. Ke1 Qxh4+ 47. Kd2 Ng6 48. Kc2 Nxf4 49. Bf1 Nd5 50. Qa7 Qh2+
51. Kb3 e3 52. Re1 Qc2+ 53. Ka3 Qxc3+ 54. Ka2 Nxb4#
0-1

[Event ">1599 Let's play have fun"]
[Site "SchemingMind.com"]
[Date "2015.06.18"]
[Round "-"]
[White "ray winteringham"]
[Black "Chessibelle"]
[Result "1-0"]
[WhiteCountry "ENG"]
[BlackCountry "ENG"]
[WhiteElo "1500"]
[WhiteRD "50"]
[BlackElo "1216"]
[BlackRD "58"]
[GameID "382334"]

1. e4 e5 2. Nf3 Nc6 3. Bb5 Qf6 4. d3 Bc5 5. O-O a6 6. Ba4 b5 7. Bb3 h6 8. Be3 Bd6 9. Nbd2 Nge7 10. c3 Ng6
11. h3 Nf4 12. Bxf4 exf4 13. d4 Qg6 14. Bc2 Ne7 15. e5 Nf5 16. Nh4 Qg5 17. Nxf5 Bf8 18. Qg4 g6 19. Nxh6 Qxh6 20. Qf3 Rb8
21. Ne4 d6 22. Bb3 g5 23. Nf6+ Ke7 24. Qc6 Rb6 25. Qxc7+
1-0

[Event ">1599 Let's play have fun"]
[Site "SchemingMind.com"]
[Date "2015.06.20"]
[Round "-"]
[White "cnile"]
[Black "Chessibelle"]
[Result "0-1"]
[WhiteCountry "SCO"]
[BlackCountry "ENG"]
[WhiteElo "1500"]
[WhiteRD "68"]
[BlackElo "1215"]
[BlackRD "58"]
[GameID "382335"]

1. d4 d5 2. Nf3 Nf6 3. Bf4 Nc6 4. h3 g6 5. e3 Bd7 6. Nbd2 Bg7 7. c4 O-O 8. a3 Na5 9. b4 Nc6 10. cxd5 Nxd5
11. Bc4 Be6 12. Bg3 a6 13. O-O b5 14. Be2 Nc3 15. Qe1 Nxe2+ 16. Qxe2 Re8 17. Rfc1 Na7 18. Bxc7 Qd7 19. Bg3 Nc6 20. Ne4 f5
21. Nc5 Qc8 22. Nd2 Bd5 23. Qe1 g5 24. Qd1 Bh6 25. Ndb3 Rf8 26. Qh5 Bg7 27. Qxg5 h6 28. Qg6 Rf6 29. Qh5 a5 30. Nd3 Bxb3
0-1

[Event ">1599 Let's play have fun"]
[Site "SchemingMind.com"]
[Date "2015.06.21"]
[Round "-"]
[White "Chessibelle"]
[Black "Nautilus"]
[Result "0-1"]
[WhiteCountry "ENG"]
[BlackCountry "GRE"]
[WhiteElo "1216"]
[WhiteRD "58"]
[BlackElo "2107"]
[BlackRD "160"]
[GameID "382336"]

1. Nf3 f5 2. d4 g6 3. e3 Bg7 4. Nc3 Nf6 5. Be2 O-O 6. Bd3 d5 7. b3 Na6 8. Bd2 c6 9. O-O Nc7 10. g3 Qe8
11. Re1 Ne4 12. Be2 b5 13. Bc1 Nxc3 14. Qd3 Nxe2+ 15. Qxe2 e5 16. c3 e4 17. Ng5 Ne6 18. Nh3 Qe7 19. Qd2 Bd7 20. c4 Ng5
21. Nf4 Nf3+
0-1

[Event ">1599 Let's play have fun"]
[Site "SchemingMind.com"]
[Date "2015.07.05"]
[Round "-"]
[White "klapa"]
[Black "roscoe"]
[Result "0-1"]
[WhiteCountry "POL"]
[BlackCountry "USA"]
[WhiteElo "1406"]
[WhiteRD "64"]
[BlackElo "1314"]
[BlackRD "91"]
[GameID "382996"]

1. e4 d6 2. d4 Nf6 3. d5 Nxe4 4. Qe2 Nc5 5. c4 h6 6. Qf3 Nbd7 7. Bd3 Nxd3+ 8. Qxd3 Ne5 9. Qd4 c5 10. Qd2 Nxc4
11. Qc3 b5 12. Ne2 a5 13. O-O e5 14. dxe6 Bxe6 15. b3 Ne5 16. Nd2 Be7 17. Nf4 b4 18. Qg3 O-O 19. Ne4 Bf5 20. Nh5 Ng6
21. Bb2 Bxe4 22. Bxg7 Re8 23. Bxh6 Bf6 24. Rae1 Re5 25. Nxf6+ Qxf6 26. f3 Bd3 27. Rf2 Rxe1+ 28. Rf1 Rxf1#
0-1

[Event ">1599 Let's play have fun"]
[Site "SchemingMind.com"]
[Date "2015.07.08"]
[Round "-"]
[White "Transcendent"]
[Black "klapa"]
[Result "1-0"]
[WhiteCountry "ENG"]
[BlackCountry "POL"]
[WhiteElo "1517"]
[WhiteRD "52"]
[BlackElo "1406"]
[BlackRD "64"]
[GameID "382997"]

1. d4 d5 2. c4 Nf6 3. cxd5 Qxd5 4. Nc3 Qa5 5. Bd2 Qb4 6. Nd5 Qd6 7. Nxf6+ Qxf6 8. Nf3 Bf5 9. e3 e6 10. Ne5 Bd6
11. f4 O-O 12. Qb3 a5 13. Qxb7 Na6 14. Nd7 Qe7 15. Nxf8 Qxf8 16. Bxa6 Rb8 17. Qf3 Rxb2 18. Bc1 Bb4+ 19. Kf1 Rc2 20. e4 Bg6
21. Bd3 Rc3 22. Bb2 Rc6 23. Kf2 e5 24. f5 Rf6 25. dxe5 Bc5+ 26. Kg3 Rb6 27. Bc3 Bb4 28. Bxb4 Rxb4 29. fxg6 fxg6 30. Qxf8+ Kxf8
31. Rhc1 Rb7 32. Rc5 h5 33. Rac1 g5 34. Rxc7 Rb2 35. R1c6 Kg8 36. Ra6 Rxa2 37. Raa7 h4+ 38. Kh3 Rd2 39. Rxg7+ Kf8 40. Raf7+ Ke8
41. Bb5+ Kd8 42. Rg8#
1-0

[Event ">1599 Let's play have fun"]
[Site "SchemingMind.com"]
[Date "2015.07.06"]
[Round "-"]
[White "eun77"]
[Black "klapa"]
[Result "1-0"]
[WhiteCountry "ISR"]
[BlackCountry "POL"]
[WhiteElo "1377"]
[WhiteRD "77"]
[BlackElo "1412"]
[BlackRD "66"]
[GameID "382998"]

1. e4 e5 2. Nf3 Bd6 3. d3 Nf6 4. h3 O-O 5. Be2 c5 6. O-O b5 7. c3 a5 8. a3 a4 9. Nh2 Ba6 10. Ng4 Nc6
11. Nxf6+ Qxf6 12. Be3 Be7 13. f3 b4 14. cxb4 cxb4 15. axb4 Nxb4 16. Nc3 d6 17. Na2 Rac8 18. Nxb4 Bb5 19. Nd5 Qe6 20. Nxe7+ Qxe7
21. Rc1 Ra8 22. d4 Rab8 23. Bxb5 Rxb5 24. Qe2 Rfb8 25. Rc2 exd4 26. Bxd4 a3 27. Rc8+ Rxc8 28. Qxb5 a2 29. Qa4 Qe6 30. Ra1 d5
31. Qxa2 dxe4 32. Qxe6 fxe6 33. fxe4 Rc4 34. Bc3 Rxe4 35. Ra7 Rh4 36. Rxg7+ Kf8 37. Rg4 Rh6 38. Bg7+
1-0

[Event ">1599 Let's play have fun"]
[Site "SchemingMind.com"]
[Date "2015.07.05"]
[Round "-"]
[White "klapa"]
[Black "ray winteringham"]
[Result "1-0"]
[WhiteCountry "POL"]
[BlackCountry "ENG"]
[WhiteElo "1449"]
[WhiteRD "72"]
[BlackElo "1499"]
[BlackRD "50"]
[GameID "382999"]

1. b3 e5 2. Bb2 Nc6 3. e4 Nf6 4. Nf3 d6 5. d4 exd4 6. Nxd4 Be7 7. Bd3 O-O 8. Nxc6 bxc6 9. O-O Bb7 10. Nd2 c5
11. a4 c6 12. e5 Nd7 13. exd6 Bxd6 14. Qg4 g6 15. Ne4 Qc7 16. g3 Bc8 17. Qh4 Be5 18. Bxe5 Qxe5 19. Ng5 h5 20. Rae1 Qg7
21. Re7 Ne5 22. Be4 Bd7 23. f4 Rfe8 24. Nxf7 Ng4 25. Qg5 Qd4+ 26. Kh1 Nf2+ 27. Rxf2 Qxf2 28. Nh6+ Kh8 29. Qf6#
1-0

[Event ">1599 Let's play have fun"]
[Site "SchemingMind.com"]
[Date "2015.07.05"]
[Round "-"]
[White "klapa"]
[Black "cnile"]
[Result "1-0"]
[WhiteCountry "POL"]
[BlackCountry "SCO"]
[WhiteElo "1449"]
[WhiteRD "72"]
[BlackElo "1477"]
[BlackRD "65"]
[GameID "383000"]

1. d4 d5 2. Nf3 Bf5 3. Nc3 Nf6 4. e3 c5 5. dxc5 Nc6 6. Bb5 a6 7. Bxc6+ bxc6 8. Ne5 Qc7 9. f4 e6 10. Na4 Qa5+
11. Nc3 Qxc5 12. Qf3 Be7 13. Bd2 Bxc2 14. Rc1 Be4 15. Nxe4 Qa7 16. Nxf6+ Bxf6 17. Nxc6 Qd7 18. Nd4 O-O 19. O-O Rfb8 20. b3 Rb7
21. f5 Bxd4 22. exd4 Rab8 23. f6 gxf6 24. Qg4+ Kf8 25. Rxf6 Qe7 26. Rcf1 Ke8 27. Rxf7 Qxf7 28. Rxf7 Rxf7 29. Bh6 Rc8 30. Qg8+ Rf8
31. Qxf8+
1-0

[Event ">1599 Let's play have fun"]
[Site "SchemingMind.com"]
[Date "2015.07.05"]
[Round "-"]
[White "Chessibelle"]
[Black "klapa"]
[Result "1-0"]
[WhiteCountry "ENG"]
[BlackCountry "POL"]
[WhiteElo "1215"]
[WhiteRD "58"]
[BlackElo "1442"]
[BlackRD "76"]
[GameID "383001"]

1. Nf3 d5 2. d4 Nf6 3. e3 e6 4. Nc3 Nc6 5. Bd2 Ne4 6. Nxe4 dxe4 7. Ne5 Nxe5 8. dxe5 Qd5 9. Be2 Qxe5 10. Bc3 Qg5
11. g3 Qf5 12. Qd2 Bd6 13. O-O-O e5 14. Rdf1 Qe6 15. b3 O-O 16. Bb2 Qe7 17. Qd5 Be6 18. Qxe4 Bh3 19. Rd1 Rae8 20. Bd3 Ba3
21. Qxh7#
1-0

[Event ">1599 Let's play have fun"]
[Site "SchemingMind.com"]
[Date "2015.07.05"]
[Round "-"]
[White "Nautilus"]
[Black "klapa"]
[Result "1-0"]
[WhiteCountry "GRE"]
[BlackCountry "POL"]
[WhiteElo "2176"]
[WhiteRD "148"]
[BlackElo "1442"]
[BlackRD "76"]
[GameID "383002"]

1. b4 e5 2. Bb2 Bd6 3. c4 b6 4. b5 Bb7 5. Nf3 Nf6 6. Nxe5 Bxe5 7. Bxe5 O-O 8. Nc3 Qe7 9. Bxf6 Qxf6 10. e4 a6
11. Be2 Qg6 12. O-O Re8 13. Bg4 Bxe4 14. Nxe4 Rxe4 15. Bh5 Qf6 16. Bf3 Rxc4 17. Bxa8 axb5 18. Re1 h6 19. Re8+ Kh7 20. Rxb8 c6
21. Rxb6 Qd4 22. Rb8 Rc5 23. Rc1 Rf5 24. Qf1 Qd6 25. Rd8 Rh5 26. h3 Qc7 27. Qd3+ g6 28. Qxd7 Qf4 29. Qe8
1-0

[Event ">1599 Let's play have fun"]
[Site "SchemingMind.com"]
[Date "2015.07.15"]
[Round "-"]
[White "maro"]
[Black "roscoe"]
[Result "0-1"]
[WhiteCountry "MEX"]
[BlackCountry "USA"]
[WhiteElo "1385"]
[WhiteRD "57"]
[BlackElo "1314"]
[BlackRD "91"]
[GameID "383201"]

1. d4 d5 2. c4 dxc4 3. Qa4+ Nc6 4. Qxc4 Be6 5. Qd3 g6 6. Nf3 Bg7 7. e3 Nf6 8. Nc3 Bf5 9. e4 Bd7 10. e5 Nb4
11. Qd2 O-O 12. Bd3 Nxd3+ 13. Qxd3 Bf5 14. Qb5 b6 15. O-O a5 16. exf6 Bxf6 17. Bh6 Bg7 18. Bg5 h6 19. Bf4 Rc8 20. d5 Re8
21. Rad1 Bc2 22. Rd2 Bf5 23. Qc4 Kh7 24. Be3 Qd7 25. Qh4 h5 26. Ng5+ Kg8 27. g4 Bxg4 28. Nce4 Rcd8 29. h3 Bf5 30. Rfd1 c5
31. dxc6 Qc7 32. Rxd8 Rxd8 33. Bf4 Rxd1+ 34. Kg2 Qxc6 35. Be3 Bxb2 36. f3 Qc2+ 37. Kg3 Be5+ 38. f4 Rg1+ 39. Bxg1 Bb8 40. Bxb6 Qc6
41. Bxa5 Bxe4 42. Nxe4 Qxe4 43. Bd8 Qd3+ 44. Kg2 Qxd8 45. a4 Qd5+ 46. Kh2 Qa2+ 47. Kg3 Qxa4
0-1

[Event ">1599 Let's play have fun"]
[Site "SchemingMind.com"]
[Date "2015.07.10"]
[Round "-"]
[White "maro"]
[Black "cnile"]
[Result "0-1"]
[WhiteCountry "MEX"]
[BlackCountry "SCO"]
[WhiteElo "1446"]
[WhiteRD "66"]
[BlackElo "1500"]
[BlackRD "68"]
[GameID "383202"]

1. d4 d5 2. c4 e6 3. c5 Nf6 4. Nf3 b6 5. cxb6 cxb6 6. Qc2 Nbd7 7. Qc6 Rb8 8. Ne5 Bb7 9. Qb5 Be7 10. Nc6 Bxc6
11. Qxc6 Rc8 12. Qa4 Rxc1+ 13. Kd2 Qc7 14. Nc3 Rxa1 15. f3 O-O 16. Ke3 Rc8 17. Kf2 Qf4 18. g3 Ng4+ 19. Kg2 Ne3+ 20. Kf2 Qh6
21. Qxd7 Rxc3 22. Qxe7 g6 23. Qb4 Rxf1+ 24. Rxf1 Qxh2+ 25. Ke1 Nc2+
0-1